| 000 | 00886nam a22002537a 4500 | ||
|---|---|---|---|
| 001 | BR7601461 | ||
| 003 | BR-BrBNA | ||
| 005 | 20230928084927.0 | ||
| 007 | ta | ||
| 008 | 230509b bl.||||| |||| 00| 0 por d | ||
| 040 |
_aBR-BrBNA _bpor _cBiblioteca Nacional de Agricultura |
||
| 041 | _a(Por) | ||
| 072 |
_aD10 _b/G514 |
||
| 090 | _ D10 BR7601461 | ||
| 110 | 1 |
_aSuperintendencia Nacional do Abastecimento, Rio de Janeiro, RJ (Brasil) _910242 |
|
| 111 | 1 |
_a1. Encontro Nacional de Chefes de Pessoal da Sunab _cRio de Janeiro, RJ (Brazil) _d16 Nov 1976 |
|
| 245 | 1 | _aPrograma do Encontro Nacional de Chefe de Pessoal da Sunab [Superintendencia Nacional de Abastecimento; Brasil] | |
| 260 | 3 |
_aRio de Janeiro, RJ (Brasil): _c1976. |
|
| 300 | _a8 p. | ||
| 650 | _aAdministracao publica | ||
| 650 | _aAdministracao de pessoal | ||
| 909 |
_a202309 _bLucia _c55 _dLucia Elande |
||
| 942 | _cBK | ||
| 999 |
_c21914 _d21914 |
||